| 000 | 00734nam a2200205 a 4500 | ||
|---|---|---|---|
| 001 | 000022793 | ||
| 005 | 20200930021811.0 | ||
| 008 | 101118s2004 dr a 000 0 spa d | ||
| 020 | _a9769502790 | ||
| 040 |
_aDO-SdBNP _bspa _cBNPHU |
||
| 082 |
_axxx _bR426s |
||
| 110 | 1 |
_aRepública Dominicana. _bComisión Presidencial para la Reforma y Modernización del Estado _97089 |
|
| 245 | 1 | 0 |
_aSistema nacional de ciencia y tecnología : _bpropuesta para su creación. |
| 260 |
_aSanto Domingo. : _bNuevo Diario. |
||
| 300 |
_a164 p. : _bil. ; _c21 cm. |
||
| 490 | 1 |
_aEstudios de la reforma _v1 |
|
| 500 | _aIncluye bibliografías y nota al pie de páginas | ||
| 590 | _aInventariado,2018/DG | ||
| 830 | 0 |
_aEstudios de la reforma _n1 _946833 |
|
| 999 |
_c22290 _d22290 |
||